| 000 | 01308nam a2200325 a 4500 | ||
|---|---|---|---|
| 001 | 000037748 | ||
| 003 | DO-SdBNP | ||
| 005 | 20240410073847.0 | ||
| 007 | ta | ||
| 008 | 130305e2012 dr gr 001 e spa d | ||
| 020 | _a9789945074468 | ||
| 040 |
_aDO-SdBNP _bspa _cBNPHU |
||
| 082 | 4 |
_a972.9304 _bA162a _222 |
|
| 100 | 1 |
_aAbreu Cardet, José , _d1951- _964208 |
|
| 245 | 1 | 3 |
_aEl alzamiento de Neiba : _bacontecimientos y documentos (febrero de 1863). / _cJosé Abreu Cardet, Elia Sintes Gómez. |
| 260 |
_aSanto Domingo : _bArchivo General de la Nación, _c2012 |
||
| 300 |
_a252 p. ; _c24 cm. |
||
| 490 | 0 |
_aArchivo General de la Nación; _v151 |
|
| 500 | _aIncluye índice onomástico. | ||
| 500 | _aIncluye datos biográficos de los autores en las solapas de la cubierta. | ||
| 500 | _aIncluye referencias bibliográficas y notas al pie de las páginas. | ||
| 504 | _aIncluye bibliografía y notas al pie de páginas. | ||
| 590 | _aInventariado, 2020 / YL | ||
| 651 | 0 |
_aRepública Dominicana -- _xHistoria -- _y1844-1930 _91009 |
|
| 651 | 0 |
_aREPÚBLICA DOMINICANA _xHISTORIA _yRESTAURACIÓN 1863-1865 _9896 |
|
| 651 | 4 |
_aNeiba (República Dominicana) _964209 _xHistoria local |
|
| 700 | 1 |
_aSintes Gómez, Elia, _d1956- _964210 |
|
| 910 | _aValidado. Control de calidad EMS | ||
| 942 |
_2ddc _cLBS1 |
||
| 999 |
_c37238 _d37238 |
||